|
|
|
|
| LEADER |
00000csc a2200000 a 4500 |
| 001 |
104023 |
| 005 |
20230308212002.0 |
| 008 |
005020|1999 ||||||||r|||||||||||spa|| |
| 040 |
|
|
|b spa
|
| 041 |
1 |
|
|a fre
|
| 082 |
0 |
|
|a 843.7
|
| 100 |
1 |
|
|a Balzac, Honoré de
|d 1799-1850
|
| 245 |
|
|
|a Napoleón du peuple
|c Honoré de Balzac
|h imp
|
| 264 |
|
|
|a Milán
|b CLE International.La Spiga Languages
|c 1999
|
| 300 |
|
|
|a 79 páginas:
|b ilu
|c 19 cm
|
| 490 |
|
|
|a Lectures sans frontières
|
| 650 |
1 |
|
|a Novela francesa
|9 5028
|
| 852 |
|
|
|a UC-CDJBV
|c TERCER PISO
|f Compra
|k margarita.gutierrez
|l 1
|m General
|p 20050202
|q 2.00
|r 8
|t 104023
|b 0
|d CDRC
|e CDRC
|g 843.7 TERCER PISO
|z 2005-50-20
|
| 942 |
|
|
|
| 999 |
|
|
|c 120558
|d 120558
|